| 000 | 00668nam a22002057a 4500 | ||
|---|---|---|---|
| 008 | 160528b xxu||||| |||| 00| 0 eng d | ||
| 020 | _a13: 978-0-07-712279-9 | ||
| 020 | _a10: 0-07-712279-8 | ||
| 082 |
_22009 _aDC 005.1068 _bH11s |
||
| 100 |
_99491 _aHughes, Bob. |
||
| 245 |
_aSoftware project management/ _cBob Hughes and Mike Cotterell. |
||
| 250 | _aFifth edition. | ||
| 260 |
_aLondon: _bMcGraw-Hill, _cc2009. |
||
| 300 |
_axvii, 392 pages; _c25 cm. |
||
| 500 | _aIncludes index. | ||
| 650 | 0 |
_99488 _aComputer software _xDevelopment _xManagement. |
|
| 650 | 0 |
_99490 _aSoftware engineering _xManagement. |
|
| 700 |
_99492 _aCotterell, Mike. |
||
| 942 |
_2ddc _cDC |
||
| 999 |
_c2853 _d2853 |
||